Noms sous lesquels sont mieux connues ces personnes - Statistiques

Statistiques générales
  • Ce quiz a été pris 41 fois
  • Le résultat moyen est 4 sur 16
Statistiques - réponses
Noms de naissance Noms connus % Correct
André Raimbourg Bourvil
74%
Fernand Contandin Fernandel
62%
Jean Moncorgé Jean Gabin
47%
Jules Muraire Raimu
35%
Thérèse Martin Sainte Thérèse de l'Enfant-Jésus
24%
Constantin Hokhloff Michel Constantin
21%
Henri d'Artois Le Comte de Chambord
18%
Eugenio Pacelli Pie XII
18%
Vincenzo Pecci Léon XIII
12%
Pierre Culliford Peyo
12%
Mario Girotti Terence Hill
12%
Marion Morrison John Wayne
9%
Carlo Pedersoli Bud Spencer
6%
Achod Malakian Henri Verneuil
6%
Gilbert Renault Le Colonel Rémy
6%
Giovanni di Pietro Bernardone Saint François d'Assise
6%
Aucun quiz correspondant
Distribution des résultats
% des personnes avec chaque résultat
Percentile par nombre de réponses
Votre historique - résultats
Vous n’avez pas pris ce quiz